000 00711nam a22002177a 4500
003 OSt
005 20250709012858.0
008 250709b |||||||| |||| 00| 0 eng d
020 _a9781910158258
040 _aDWCL - Main lib
_cOC
082 _aCirc. 394.2 M379t 2016
100 _aMartin, Vanessa
245 _aTechnology and events :
_b how to create engaging events/
_cVanessa Martin
260 _aOxford :
_b Goodfellow Publishers,
_cc2016.
300 _a xii, 240 pages :
_billustrations ;
_c26 cm.
504 _aIncludes index.
650 _a1. Event--Marketing.
650 _a2. Special events--Management--Technological innovations.
700 _aLuiz Cazarre
942 _2ddc
_cBK-CIRC
_kCirc.
_n0
999 _c3501
_d3501